000 00452nam a22001457a 4500
005 20250730150928.0
008 250730b |||||||| |||| 00| 0 eng d
082 _223rd.
_a420.3
_bW391
245 _aWebster's new world :
_bcompact dictionary /
_ced. by Victoria Neufeldt.
260 _aNew Delhi :
_bIDG Books India,
_c2000.
300 _axii, 516p.
650 _aEnglish language
_vDictionary
700 1 _aNeufeldt, Victoria (ed.)
942 _2lcc
_cREF
999 _c124145
_d124133